000
00400nam a2200157Ia 4500
008
100122s9999 xx 000 0 und d
082
_b
72401
_a
823
100
_a
ठाकूर दिलीप
245
_a
झिंग
250
_a
1
260
_b
श्रीकल्प प्रकाशन
_c
2007
300
_a
176
630
_a
झिंग
730
_a
झिंग
942
_c
BOOK
999
_c
388279
_d
388276